Statistics for Music Trivia: musician anagrams

Click here to take the quiz!

General Stats

  • This quiz has been taken 35 times
  • The average score is 3 of 15

Answer Stats

HintAnswer% Correct
No admanMadonna
52%
Oo NookyYoko Ono
45%
I Dr. Hijinx 'emJimi Hendrix
41%
Man burrosBruno Mars
34%
Mr Mojo RisinJim Morrison
31%
Deva is slimMiles Davis
21%
Dr PolytonalDolly Parton
17%
Glib reparteePeter Gabriel
17%
Leonine willsWillie Nelson
17%
Pinery BreastsBritney Spears
14%
Adverby dinDavid Byrne
14%
Haji cocklesmanMichael Jackson
10%
Nil rainbowsBrian Wilson
3%
WaterfallsFats Waller
3%
The kimonoKeith Moon
3%

Score Distribution

Percentile by Number Answered

Percent of People with Each Score

Your Score History

You have not taken this quiz